The pearl /

Bibliographische Detailangaben
1. Verfasser: Steinbeck, John, 1902-1968
Weitere Verfasser: Wagner-Martin, Linda, Orocozo, Clemente
Format: Buch
Sprache:English
Veröffentlicht: London : Penguin Classics, 2014.
Schlagworte:
Classic Catalogue: View this record in Classic Catalogue
LEADER 01525nam a2200349 a 4500
001 44803
003 BD-DhAAL
005 20250915191219.0
008 250915t2014 enka b 000 1 eng d
010 |a  94008790  
020 |a 9780141394688 
020 |a 0141394684 
035 |a 3959131 
040 |a DLC  |c DLC  |d OCoLC  |d DLC  |d BD-DhAAL 
043 |a n-mx--- 
050 0 0 |a PS3537.T3234  |b P4 1994 
082 0 0 |a 813.52  |2 20 
100 1 |a Steinbeck, John,  |d 1902-1968. 
245 1 4 |a The pearl /  |c John Steinbeck ; with an introduction by Linda Wagner-Martin ; drawings by Jose Clemente Orocozo. 
260 |a London :  |b Penguin Classics,  |c 2014. 
300 |a xxvi, 89 pages :  |b illustrations ;  |c 21 cm 
504 |a Includes bibliographical references (pages xxv-[xxvii]). 
541 |a Donated by Farhana Zahir, Assistant Professor, BRAC Business School, BRAC University  |e 44803 
650 0 |a Pearl divers  |v Fiction.  |9 59341 
650 0 |a Avarice  |v Fiction.  |9 59342 
651 0 |a Mexico  |v Fiction.  |9 13639 
700 |a Wagner-Martin, Linda.  |9 58213 
700 |a Orocozo, Clemente.  |9 59343 
852 |a Ayesha Abed Library  |c General Stacks 
942 |2 ddc  |c BK 
999 |c 47545  |d 47545 
952 |0 0  |1 0  |2 ddc  |4 0  |6 813_520000000000000_STE  |7 0  |9 78199  |a BRACUL  |b BRACUL  |c NEW  |d 2025-09-15  |e Donated by Farhana Zahir, Assistant Professor, BRAC Business School, BRAC University  |l 5  |m 9  |o 813.52 STE  |p 3010044803  |r 2026-04-21  |s 2026-02-01  |t 1  |w 2025-09-15  |y BK  |x Donated by Farhana Zahir, Assistant Professor, BRAC Business School, BRAC University ; £14.99